Guess the Cropped Candy Logos - Statistics

General Stats
  • This quiz has been taken 1,441 times
  • The average score is 18 of 25
Answer Stats
Picture Answer % Correct
Twix
95%
Hershey
92%
Smarties
89%
Snickers
89%
M&M's
88%
Reese's
88%
Kit Kat
87%
Nerds
82%
Starburst
80%
Sour Patch Kids
79%
Crunch
77%
Butterfinger
75%
Tootsie Roll
75%
Twizzlers
74%
Payday
72%
Dots
66%
Skittles
66%
Cadbury
57%
Whoppers
56%
3 Musketeers
55%
Lemonheads
52%
Toblerone
48%
Jelly Belly
47%
York
44%
Milka
34%
No matching quizzes found
Score Distribution
Percent of People with Each Score
Percentile by Number Answered
Your Score History
You have not taken this quiz